Emlyn Hooson and the Welsh Liberal Party, 1962-1979 /

Bibliographic Details
Main Author: Alderton, Nicholas K. (Author)
Format: Book
Language:English
Published: Cardiff : University of Wales Press, 2025.
Series:Studies in Welsh history.
Subjects:

MARC

Tag First Indicator Second Indicator Subfields
LEADER 00000cam a2200000 i 4500
001 in00005777773
005 20260406152518.6
007 t|
008 250922s2025 wlk b 001 0 eng d
040 |a UKMGB  |b eng  |e rda  |c UKMGB  |d OCLCO  |d YDX 
020 |a 9781837722976 
020 |a 1837722978 
020 |z 9781837722990  |q ePub ebook 
024 8 |a CIPO000294915 
035 |a (OCoLC)1546774178 
043 |a e-uk-wl 
050 4 |a DA722.1.H66  |b A54 2025 
082 0 4 |a 942.9085092  |2 23 
100 1 |a Alderton, Nicholas K.,  |e author. 
245 1 0 |a Emlyn Hooson and the Welsh Liberal Party, 1962-1979 /  |c Nicholas K. Alderton. 
264 1 |a Cardiff :  |b University of Wales Press,  |c 2025. 
300 |a 277 pages ;  |c 22 cm. 
336 |a text  |2 rdacontent  |b txt 
337 |a unmediated  |2 rdamedia  |b n 
338 |a volume  |2 rdacarrier  |b nc 
490 1 |a Studies in Welsh history 
504 |a Includes bibliographical references and index. 
590 |a YBP CIP upgrade 
600 1 0 |a Hooson, Emlyn,  |d 1925-2012.  |1 https://isni.org/isni/0000000066128761 
610 2 0 |a Liberal Party (Great Britain)  |1 https://isni.org/isni/0000000111988673 
650 0 |a Liberalism  |z Wales  |x History  |y 20th century. 
610 2 7 |a Liberal Party (Great Britain)  |2 fast  |0 (OCoLC)fst00537436 
650 7 |a Liberalism  |x History.  |2 fast  |0 (OCoLC)fst00997186 
651 7 |a Wales  |2 fast  |1 https://id.oclc.org/worldcat/entity/E39PBJqjY9ywKtRXDhDV77yyBP  |0 (OCoLC)fst01207649 
648 7 |a 1900-1999  |2 fast 
648 7 |a 1962-1979  |2 fast 
776 0 8 |i ebook version :  |z 9781837722990 
830 0 |a Studies in Welsh history. 
852 8 |b POD  |z This title is available for the library to purchase for your use. Click the "Purchase It For Me" button to place a request. This item will take 5-10 business days to arrive. 
955 |a Print PDA title 
961 |m 565730 
999 f f |i cca92a97-2913-4878-8f82-2958035c0da4  |s 8e3669eb-9655-4c3b-b0fe-d996ef3ea573  |t 0 
952 f f |a Texas A&M University  |b College Station  |c Sterling C. Evans Library  |s Evans POD  |d Purchase on Demand  |t 0  |e DA722.1.H66 A54 2025  |h Library of Congress classification 
998 f f |a DA722.1.H66 A54 2025  |t 0  |l Purchase on Demand